ՀՀ Գիտությունների ազգային ակադեմիայի հիմնարար գիտական գրադարան  =   Fundamental Scientific Library of NAS RA

Широкополосные посевы / (Record no. 519878)

MARC details
000 -LEADER
fixed length control field 00836nam a2200205 a 4500
001 - CONTROL NUMBER
control field 000903484
003 - CONTROL NUMBER IDENTIFIER
control field AM-YEHGA
005 - DATE AND TIME OF LATEST TRANSACTION
control field 20250617164223.0
008 - FIXED-LENGTH DATA ELEMENTS--GENERAL INFORMATION
fixed length control field 120629s1962 ru r 000 0 rus d
040 ## - CATALOGING SOURCE
Original cataloging agency AM-YeHGA
041 0# - LANGUAGE CODE
Language code of text/sound track or separate title rus
090 ## - LOCALLY ASSIGNED LC-TYPE CALL NUMBER (OCLC); LOCAL CALL NUMBER (RLIN)
-- 523441
100 1# - MAIN ENTRY--PERSONAL NAME
Personal name Филатов, Николай Александрович
245 10 - TITLE STATEMENT
Title Широкополосные посевы /
Statement of responsibility, etc. Н.А. Филатов, В.М. Пиронков; Ред. С. Леонов.
260 ## - PUBLICATION, DISTRIBUTION, ETC.
Place of publication, distribution, etc. М. :
Name of publisher, distributor, etc. Московский рабочий,
Date of publication, distribution, etc. 1962.
300 ## - PHYSICAL DESCRIPTION
Extent 56 с. ;
Dimensions 18 см.
650 14 - SUBJECT ADDED ENTRY--TOPICAL TERM
Topical term or geographic name entry element Овощеводство, декоративное садоводство и цветоводство
Geographic subdivision Московская область
700 1# - ADDED ENTRY--PERSONAL NAME
Personal name Пиронков, Вячеслав Михайлович
700 1# - ADDED ENTRY--PERSONAL NAME
Personal name Леонов, С.
Relator term ред.
Relationship edt
Holdings
Withdrawn status Lost status Source of classification or shelving scheme Damaged status Not for loan Collection Home library Current library Date acquired Total checkouts Full call number Barcode Date last seen Price effective from Koha item type Public note
    Universal Decimal Classification     General Fundamental Scientific Library Fundamental Scientific Library 26/11/2021   PII/67580 FL0665904 26/11/2021 26/11/2021 Գրքեր / Books 30 Days Loan


ՀՀ ԳԱԱ հիմնարար գիտական գրադարան
ՀՀ,Երևան 0019
Մարշալ Բաղրամյան 24/6
հեռախոս:(374-10) 52-47-50
Հետադարձ կապ

All site content, except where otherwise noted, is licensed under a
Creative Commons License